Capitales d'Asie du Sud-Est - Statistiques

Statistiques générales
  • Ce quiz a été pris 433 fois
  • Le résultat moyen est 6 sur 9
Statistiques - réponses
Hint Réponse % Correct
Singapour Singapour
93%
Thailande Bangkok
89%
Philippines Manille
81%
Vietnam Hanoï
79%
Malaisie Kuala Lumpur
75%
Cambodge Phnom Penh
58%
Laos Vientiane
54%
Brunei Bandar Seri Begawan
36%
Indonésie Nusantara
15%
Aucun quiz correspondant
Distribution des résultats
% des personnes avec chaque résultat
Percentile par nombre de réponses
Votre historique - résultats
Vous n’avez pas pris ce quiz